Sir Francis Drake (Record no. 574159)

MARC details
000 -LEADER
fixed length control field 00506nam a2200157Ia 4500
008 - FIXED-LENGTH DATA ELEMENTS--GENERAL INFORMATION
fixed length control field 250627s9999 xx 000 0 und d
020 ## - INTERNATIONAL STANDARD BOOK NUMBER
ISBN 9781604134179
082 ## - DEWEY DECIMAL CLASSIFICATION NUMBER
Classification number 910.92
Item number LAC
100 ## - MAIN ENTRY--AUTHOR NAME
Personal name Lace, William W.
245 #0 - TITLE STATEMENT
Title Sir Francis Drake
260 ## - PUBLICATION, DISTRIBUTION, ETC. (IMPRINT)
Name of publisher Facts On File
Year of publication 2009
500 ## - GENERAL NOTE
General note Describes the life of Sir Frances Drake, from his humble beginnings on a farm to becoming one of the country's most widely acclaimed heroes.
650 ## - SUBJECT ADDED ENTRY--TOPICAL TERM
Topical Term Admirals
942 ## - ADDED ENTRY ELEMENTS (KOHA)
Koha item type English Books
Holdings
Withdrawn status Lost status Damaged status Not for loan Home library Current library Shelving location Date acquired Full call number Accession Number Price effective from Koha item type
        Anna Centenary Library Anna Centenary Library 7TH FLOOR, B WING 27.06.2025 910.92 LAC 439096 27.06.2025 English Books

Find us on the map